000 00398nam a22001577a 4500
020 _a9788182662728
082 _aM4
_bVIR/V
100 _aVeerendrakumar M P
245 _aVichanthanangal smaranakal/
_cby Veerendrakumar M P
260 _aKozhikode:
_bMatrubhumi,
_c2014.
300 _a287p.
650 _aEssays Malayalam
650 _aLiterature Malayalam
650 _aLiterature
942 _cBK
999 _c69413
_d69413